Balística avanzada (Registro nro. 1645)
[ vista simple ]
| 000 -Cabecera | |
|---|---|
| Campo de control de longitud fija | 00767aam a2200289 4500 |
| 005 - Fecha y hora de la última transacción | |
| Campo de control | 20251118164819.0 |
| 008 - Elementos de longitud fija--Información general | |
| Campo de control de longitud fija | 150704b2000 xxu||||| |||| 00| 0 spa d |
| 020 ## - International Standard Book Number | |
| Número Internacional Estándar del Libro (ISBN) | 9586353710 |
| 041 ## - Idioma | |
| Código de idioma | Español |
| 082 ## - Clasificación Decimal Dewey | |
| Número de clasificación | 363.256.2 H659b |
| 100 ## - Entrada principal--Autor personal | |
| Nombre personal | Hincapie Zuluaga, José Guillermo |
| 9 (RLIN) | 27731 |
| 245 ## - Título propiamente dicho | |
| Título | Balística avanzada |
| 260 ## - Pie de imprenta | |
| Lugar de publicación, distribución, etc. | Colombia |
| 260 ## - Pie de imprenta | |
| Nombre del editor, distribuidor, etc. | Librería del Profesional |
| 260 ## - Pie de imprenta | |
| Fecha de publicación, distribución, etc. | 2000 |
| 300 ## - Descripción física | |
| Extensión | 293 páginas |
| 490 ## - Serie | |
| Título de la Serie | Investigación Criminal |
| 650 ## - Materia general | |
| Temática (materia general) | BALÍSTICA |
| 650 ## - Materia general | |
| Temática (materia general) | RECOLECCIÓN DE INDICIOS |
| 650 ## - Materia general | |
| Temática (materia general) | PRUEBA |
| 650 ## - Materia general | |
| Temática (materia general) | PRUEBA PERICIAL |
| 650 ## - Materia general | |
| Temática (materia general) | FISICA EN BALÍSTICA |
| 650 ## - Materia general | |
| Temática (materia general) | QUÍMICA EN BALÍSTICA |
| 650 ## - Materia general | |
| Temática (materia general) | EXÁMENES FISICOS |
| 650 ## - Materia general | |
| Temática (materia general) | EXÁMENES QUÍMICOS |
| 942 ## - Punto de acceso adicional KOHA | |
| Tipo de ítem KOHA | Libro |
| Fuente del sistema de clasificación o colocación | Dewey Decimal Classification |
| Signatura completa | Código de barras | Programa Académico | Tipo de ítem |
|---|---|---|---|
| 363.256.2 H659b | 10648 | Investigación Criminal | Libro |